000 nam a22 a 4500
999 _c462923
_d462923
003 BLK
005 20220622160127.0
008 220613b bu |||||r|||| 00| 0 bu d
040 _aBLK
041 _aBUL
_aGRE
_cBUL
080 _aБългарска литература
_b821.163.2
_x-1
_z821.163.2-1
100 _aПърличев, Григор Ставрев
_eпърви автор
_91299
139 _aПърличев, Григор Ставрев
245 0 0 _aСкендербей
_bПоема
_cГеорги Ст. Пърличев; отг. ред. В. Бешевлиев; увод, текст, прев. от гр. ез. и обяснителни бележки - стъкмил Хр. Кодов
250 _a2. изд
260 _aСофия
_bИнст. по лит. БАН
_c1969
_9217391
_n954-
300 _a216 с
_b1 л. : портр.
_c21 см
380 _aX
500 _aИзд. на БАН. Инст. за лит. - 600 тир.
700 _aБешевлиев, Веселин Иванов
_9748
_eотг. ред.
700 1 _aКодов, Христо Николов
_980339
_eпрев., състав., уводна статия и бел.
852 _aЦб 51387
_bЦб
942 _cKNG
_n0
_s1
944 _aCR
_c2022-06-22
_kХристина Везирева